|
|
|
|
| LEADER |
01136nam a22003257a 4500 |
| 001 |
28464 |
| 003 |
BD-DhAAL |
| 005 |
20141018163204.0 |
| 008 |
141018s1942 nyua 001 0 eng |
| 010 |
|
|
|a 2011381353
|
| 020 |
|
|
|a 0446607258 (pbk.)
|
| 020 |
|
|
|a 9780446607254 (pbk.)
|
| 020 |
|
|
|a 9780446574754 (pbk.)
|
| 020 |
|
|
|a 0446574759 (pbk.)
|
| 040 |
|
|
|a DLC
|c DLC
|d BD-DhAAL
|
| 050 |
0 |
0 |
|a BL310
|b .H3 2011
|
| 082 |
|
|
|2 22
|a 292.1/3
|
| 100 |
1 |
|
|a Hamilton, Edith,
|d 1867-1963.
|9 5696
|
| 245 |
1 |
0 |
|a Mythology /
|c Edith Hamilton.
|
| 246 |
3 |
0 |
|a Timeless tales of gods and heroes
|
| 260 |
|
|
|a New York :
|b A Mentor book
|c 1942
|
| 300 |
|
|
|a 416 p. ;
|c 18 cm.
|
| 500 |
|
|
|a Originally published: Boston : Little, Brown, c1942.
|
| 500 |
|
|
|a Includes index.
|
| 504 |
|
|
|a Includes index
|
| 541 |
|
|
|e 28464
|
| 650 |
|
0 |
|a Mythology.
|9 5697
|
| 942 |
|
|
|2 ddc
|c BK
|
| 999 |
|
|
|c 32936
|d 32936
|
| 952 |
|
|
|0 0
|1 0
|2 ddc
|4 0
|6 292_130000000000000_HAM
|7 0
|9 43858
|a BRACUL
|b BRACUL
|c GEN
|d 2014-10-18
|e Friends Book Corner
|g 125.00
|l 7
|m 52
|o 292.13 HAM
|p 3010028464
|q 2026-03-15
|r 2026-03-08
|s 2026-03-08
|t 1
|w 2014-10-18
|y BK
|x Transferred from BIL to BRACUL on 06/06/22
|